<?xml version="1.0" encoding="UTF-8"?>
<collection xmlns="http://www.loc.gov/MARC21/slim">
<record>
  <controlfield tag="001">969643</controlfield>
  <controlfield tag="005">20251004040249.0</controlfield>
  <datafield tag="024" ind1="7" ind2=" ">
    <subfield code="2">I:(DE-82)080006_20140620</subfield>
    <subfield code="a">G:(DE-82)EXS-SU-StUpPD_431-22</subfield>
    <subfield code="d">G:(DE-82)EXS-SU</subfield>
  </datafield>
  <datafield tag="035" ind1=" " ind2=" ">
    <subfield code="a">G:(DE-82)EXS-SU-StUpPD_431-22</subfield>
  </datafield>
  <datafield tag="150" ind1=" " ind2=" ">
    <subfield code="a">beArIngs - AI-based wear monitoring of sliding bearings in dynamically operating machinery</subfield>
    <subfield code="y">2022-10-01 -2023-03-31</subfield>
  </datafield>
  <datafield tag="450" ind1=" " ind2=" ">
    <subfield code="a">StUpPD_431-22</subfield>
    <subfield code="w">d</subfield>
  </datafield>
  <datafield tag="510" ind1="1" ind2=" ">
    <subfield code="0">I:(DE-82)080006_20140620</subfield>
    <subfield code="a">Exploratory Research Space der RWTH Aachen</subfield>
    <subfield code="b">ERS</subfield>
  </datafield>
  <datafield tag="550" ind1=" " ind2=" ">
    <subfield code="a">Start-Up for Juniorprofessor and Postdocs (EXS)</subfield>
    <subfield code="0">G:(DE-82)EXS-SU</subfield>
    <subfield code="w">t</subfield>
  </datafield>
  <datafield tag="909" ind1="C" ind2="O">
    <subfield code="o">oai:juser.fz-juelich.de:1015221</subfield>
    <subfield code="p">authority:GRANT</subfield>
    <subfield code="p">authority</subfield>
  </datafield>
  <datafield tag="980" ind1=" " ind2=" ">
    <subfield code="a">G</subfield>
  </datafield>
  <datafield tag="980" ind1=" " ind2=" ">
    <subfield code="a">AUTHORITY</subfield>
  </datafield>
  <datafield tag="909" ind1="C" ind2="O">
    <subfield code="o">oai:juser.fz-juelich.de:1015221</subfield>
  </datafield>
</record>
</collection>